000 00571nam a2200193Ia 4500
003 GCL
008 140319s9999 xx 000 0 ara d
040 _aGCL /
_cGCL
082 0 4 _a327.1
_bن ح
100 1 _aنبيل فارس
245 1 0 _aحرب المياه فى الصراع العربى الاسرائيلى /
_cنبيل فارس
260 _a[S.N] :
_bدار الاعتصام
300 _a333 ص
490 _a
650 0 4 _aالنزاع العربى الاسرائيلى
650 0 4 _aالشرق الاوسط
650 0 4 _aالمياه
942 _2ddc
_cBK
999 _c27842
_d27842